[Event "RUS-Cup01 Chigorin Memorial"]
[Site "St Petersburg"]
[Date "1997.11.01"]
[Round "1"]
[White "Sakaev, Konstantin"]
[Black "Gubanov, Anton"]
[Result "1-0"]
[WhiteElo "2590"]
[BlackElo "2380"]
[Annotator "Yudasin,L"]
[PlyCount "67"]
[EventDate "1997.11.01"]
[EventType "swiss"]
[EventRounds "9"]
[EventCountry "RUS"]
[SourceTitle "CBM 062"]
[Source "ChessBase"]
[SourceDate "1998.01.31"]
[SourceVersion "1"]
[SourceVersionDate "1998.01.31"]
[SourceQuality "1"]

1. e4 d6 2. d4 Nf6 3. f3 c5 4. c3 cxd4 (4... Nbd7 5. Be3 e5 6. d5 Be7 $14) 5.
cxd4 Qb6 (5... e5 6. dxe5 dxe5 7. Qxd8+ Kxd8 8. Nc3 (8. Be3 Be6 9. Nd2 Nbd7 10.
Bd3 Bc5 11. Kf2 Ke7 12. Ne2 Bxe3+ 13. Kxe3 Nc5 14. Rhd1 Rhd8 15. Bc4 Rd6 16.
Nb3 Bxc4 17. Nxc5 Bxe2 18. Kxe2 Rc8 19. Rxd6 Kxd6 20. Rd1+ Kc7 21. Nd3 Re8 22.
Rc1+ Kb8 {Angelov,K-Ubilava,E/Elenite op 1986/EXT 86op2/ - (42)}) 8... Bb4 9.
Nge2 Nc6 10. Be3 Be6 11. O-O-O+ Nd7 12. Nd5 Bxd5 13. Rxd5 Ke7 14. Nc3 Rhc8 15.
Bb5 a6 16. Rhd1 Rc7 17. Bxc6 bxc6 18. R5d2 Bxc3 19. bxc3 Rb8 20. Rb2 {
Vorotnikov,V-Yermolinsky,A/White Knights 1984/MCL 04/ - (62)}) (5... d5 6. Nc3
Nc6 7. e5 Ng8 8. Bb5 Bd7 9. Nge2 e6 10. Be3 h5 11. Qd2 h4 12. Bd3 a6 13. Rc1 b5
14. O-O Nge7 15. Bg5 Qb6 16. Kh1 Na5 17. Qe1 b4 18. Nd1 b3 19. a3 Bb5 20. Bxb5+
axb5 21. Bxh4 Nf5 22. Bf2 Be7 23. g4 Nh4 24. Rc3 Kd7 25. Nc1 Ng6 26. Nxb3 Nc4
27. Nc5+ Bxc5 28. dxc5 Qc7 29. Bg3 Ncxe5 30. Qe2 f6 31. c6+ Ke7 32. Qxb5 Rab8
33. Qe2 Rb6 34. f4 Nxc6 35. Qxe6+ Kxe6 36. f5+ Kd7 37. Bxc7 Kxc7 38. fxg6 Kd6
39. b4 d4 40. Rc5 Ne5 41. Nf2 Ra6 42. Ne4+ Ke7 43. g5 f5 44. Ng3 Nd3 45. Rcxf5
Rxa3 46. Ne2 Ra2 47. Nxd4 Kd6 48. Nf3 Nf2+ {- Sakaev,K-Tseshkovsky,V/JUG-chT
1997/EXP 59}) (5... e6 6. Nc3 Nc6 {- Grzesik,F-Ramos,D/BL8788 1988/BL 80}) (
5... g6 6. Be3 Bg7 7. Qd2 Nc6 8. Nc3 O-O 9. Nge2 Bd7 $14) 6. Nc3 Nc6 7. Nge2 g6
(7... e6 8. Na4 Qd8 9. Be3 Be7 $14) 8. Na4 Qa5+ 9. Bd2 Qd8 10. Be3 Bg7 11. Nac3
O-O 12. Qd2 Bd7 (12... Na5 $5) 13. g4 $1 e5 (13... a6 {/\b5,NaR}) 14. d5 Ne7
15. Ng3 Ne8 16. Rg1 Kh8 (16... Nc7 $16) 17. O-O-O $16 f5 18. exf5 gxf5 19. Nh5
$40 Ng6 20. Kb1 (20. Bg5 Qb6) 20... Qe7 $2 (20... Rf7 $16) 21. Bg5 Qf7 22. h4
fxg4 (22... Nf4 23. Bxf4 exf4 24. Nxg7 Nxg7 25. Qxf4 $16 (25. g5 Nh5 26. Ne2
$16)) 23. fxg4 Nf4 24. Be2 $1 Bxg4 $4 (24... Rc8 25. Rdf1 Qg6+ 26. Ka1 Nxe2 27.
Qxe2 $16) 25. Nxf4 $18 exf4 26. Rxg4 Qf5+ 27. Qd3 h6 28. Qxf5 Rxf5 29. Bd3 Rf8
30. Bxf4 h5 31. Rxg7 Kxg7 32. Rg1+ Kh8 33. Be3 Nf6 34. Bd4 1-0

[Event "RUS-Cup02"]
[Site "Moscow"]
[Date "1998.??.??"]
[Round "6"]
[White "Ibragimov, Ildar"]
[Black "Chekhov, Valery A"]
[Result "1-0"]
[WhiteElo "2590"]
[BlackElo "2520"]
[Annotator "Yudasin,L"]
[PlyCount "59"]
[EventDate "1998.01.21"]
[EventType "swiss"]
[EventRounds "9"]
[EventCountry "RUS"]
[SourceTitle "CBM 063"]
[Source "ChessBase"]
[SourceDate "1998.03.26"]
[SourceVersion "1"]
[SourceVersionDate "1998.03.26"]
[SourceQuality "1"]

1. d4 d6 2. e4 Nf6 3. Nc3 c6 4. f4 Qa5 5. Bd3 (5. Qd3 $5) (5. Qd2 $5) 5... e5
6. Nf3 Bg4 7. Be3 exd4 (7... Qb6 8. Qd2 exf4 9. Bxf4 Bxf3 10. gxf3 Qxd4 11.
O-O-O $146) 8. Bxd4 Qb4 9. Be2 $5 (9. Bxf6 gxf6 10. Rb1 Bh6 $14) 9... Nxe4 10.
O-O d5 (10... Nxc3 11. Bxc3 Qb6+ 12. Nd4 Bd7 13. Re1 $40) 11. Nxe4 dxe4 12. c3
Qe7 (12... Qxb2 13. Rb1 Qxa2 14. Rxb7 $1 exf3 (14... Be7 15. Re1 $146 (15. Nd2
$40)) 15. Bxf3 Bxf3 16. Re1+ Kd8 17. Bb6+ Kc8 18. Rc7#) 13. Ne5 Bxe2 14. Qxe2
c5 (14... f5 15. Qh5+) 15. Bf2 Nd7 (15... f6 16. Qb5+ (16. Qh5+ g6 17. Nxg6 Qf7
18. f5 Rg8 19. Nf4 $16) 16... Nd7 $13) (15... Nc6 16. Nxc6 bxc6 17. f5 $16) 16.
Nxd7 Kxd7 (16... Qxd7 17. Qxe4+ Qe7 18. Qa4+ Qd7 19. Rfe1+ Be7 20. Qxd7+ Kxd7
21. Rad1+ Ke8 22. Bxc5) 17. b4 $1 $40 (17. f5 $146 {/\Bg3,Rad1}) (17. Rad1+ $5
{/\f5}) 17... f5 18. Rad1+ Kc7 19. Rd5 $1 (19. Bxc5 Qe6 20. Bd4 $16 Rg8) 19...
Qe6 20. Rfd1 (20. Re5 Qf6 21. Qc4 $40 (21. Bxc5 $40)) 20... Rc8 21. Re5 Qf7 22.
bxc5 Kb8 23. Qb5 {/\Rd7-Rc7-Rd8,Rc8} a6 (23... Qc7 24. Rxf5 Qc6 25. Qc4 {/\Rd5}
) 24. Rd7 $1 axb5 (24... Rc7 25. Rd8+ Rc8 26. Rxc8+ Kxc8 27. Re8+ Kc7 28. Qb6+
Kd7 29. Rb8) 25. Rxf7 g6 26. Bd4 h5 (26... Rg8 27. Rd5 {/\Rdd7}) 27. Rd5 Rg8
28. c6 $1 (28. Rdd7 Bxc5 29. Rxb7+ Ka8 $13) 28... bxc6 (28... Rxc6 29. Rd8+ Rc8
30. Be5+) 29. Rdd7 Re8 30. Be5+ {30...Re5 31.Rd8,30...Kc8 31.Rc7Kd8 32.Rfd7
Yudasin} 1-0

[Event "RUS-Cup02"]
[Site "Moscow"]
[Date "1998.??.??"]
[Round "4"]
[White "Fedorov, Alexei"]
[Black "Chekhov, Valery A"]
[Result "1-0"]
[WhiteElo "2595"]
[BlackElo "2520"]
[Annotator "Yudasin,L"]
[PlyCount "93"]
[EventDate "1998.01.21"]
[EventType "swiss"]
[EventRounds "9"]
[EventCountry "RUS"]
[SourceTitle "CBM 063"]
[Source "ChessBase"]
[SourceDate "1998.03.26"]
[SourceVersion "1"]
[SourceVersionDate "1998.03.26"]
[SourceQuality "1"]

1. e4 d6 2. d4 Nf6 3. Bd3 e5 4. c3 (4. dxe5 dxe5 5. Nf3 Bd6 $10) 4... d5 (4...
Nc6) (4... Be7) 5. dxe5 (5. exd5 Qxd5 6. dxe5 Qxg2 7. Qf3 Qxf3 8. Nxf3 Nd5 $10)
5... Nxe4 6. Nf3 Nc6 7. Nbd2 Nc5 (7... Nxd2 8. Bxd2 Be7 9. h3 O-O 10. O-O f6
$13) 8. Bb5 Bd7 (8... Be7 $5) 9. Qe2 a6 $6 (9... Be7 10. b4 $6 Ne6 $15 11. O-O
O-O) 10. Bxc6 Bxc6 11. Nd4 Bd7 12. O-O Ne6 (12... Be7 13. f4 $40) 13. Rd1 (13.
f4 $2 Nxd4 14. cxd4 Bb5) 13... c5 14. Nf5 Nf4 (14... g6 15. Nd6+ (15. Ne3 $5 {
/\Ng4~~}) 15... Bxd6 16. exd6 O-O 17. Nf3 Bc6 18. Bh6 Re8 19. Qe5 $13 f6 20.
Qg3 Qd7 21. Nh4 Kf7 22. Re1 $13) 15. Qg4 Ng6 (15... Bxf5 16. Qxf4 (16. Qxf5
Ne2+ (16... Ne6 17. Nf3 (17. Nf1 Be7 18. Ne3 d4 19. Qg4 $36) 17... Qd7 $10) 17.
Kh1 Nxc1 18. Raxc1 g6 19. Qf3 Bh6 20. Rc2 $16) 16... Be6 17. Nf3 Be7 18. Ng5
O-O 19. Qh4 h6 20. Nxe6 Bxh4 21. Nxd8 Raxd8 $10) 16. Nf1 Be6 17. N1e3 Qd7 18.
f4 O-O-O $2 (18... Rd8 19. Qh3 (19. b4 $5 $36) (19. g3 {/\Qh5=}) 19... h5 $13)
19. Nxd5 $1 Bxd5 $2 (19... Bxf5 20. Nb6+ Kc7) (19... Kb8 20. Nde3 Qc8 21. Rxd8
Qxd8 22. Qf3 Qd3 23. Ng3 c4 $132) 20. Rxd5 Qe6 21. Rxd8+ Kxd8 22. Ne3 (22. Qd1+
$18) 22... Qxg4 23. Nxg4 Kd7 24. Be3 (24. f5 h5 (24... Ne7 25. Ne3 Nc6 26. Nc4
b5 27. Nb6+ $18) 25. fxg6 hxg4 26. gxf7 Ke6 27. Bf4 Kxf7 28. Rd1 $18) 24... h5
25. Nf2 Be7 26. Rd1+ Kc6 (26... Ke6 27. Ne4 b6 28. Kf2) 27. g3 b5 28. Kg2 f5
29. exf6 gxf6 30. Kf3 f5 31. b3 $1 Rd8 (31... h4 32. g4) (31... Rf8 32. c4 h4
33. g4 fxg4+ 34. Kxg4 Bd6 35. Nd3) 32. Rxd8 Bxd8 33. c4 Nf8 34. Nd3 bxc4 $6 35.
bxc4 $6 (35. Ne5+ Kd5 (35... Kb5 36. Nxc4 Bc7 37. Bd2 Ne6 38. a4+ Kc6 39. Bc3)
36. bxc4+ $18) 35... Ne6 36. h3 Bf6 37. g4 Nd4+ 38. Bxd4 hxg4+ 39. hxg4 fxg4+
40. Kxg4 Bxd4 41. f5 $18 Kb6 42. Kg5 Bg7 (42... Ka5 43. f6 Ka4 (43... Bxf6+ 44.
Kxf6 Ka4 45. Ke5) 44. f7 Bg7 45. Nxc5+ Kb4 46. Ne6) 43. f6 Bf8 44. Ne5 Ka5 45.
Ng6 Bd6 46. f7 Kb4 47. Kf6 {47...Kc4 48.Ne7 Yudasin} 1-0

[Event "Pamplona 9798 8th"]
[Site "Pamplona"]
[Date "1998.01.02"]
[Round "6"]
[White "De la Villa Garcia, Jesus Maria"]
[Black "San Segundo Carrillo, Pablo"]
[Result "1/2-1/2"]
[WhiteElo "2485"]
[BlackElo "2495"]
[Annotator "Yudasin,L"]
[PlyCount "59"]
[EventDate "1997.12.28"]
[EventType "tourn"]
[EventRounds "9"]
[EventCountry "ESP"]
[EventCategory "13"]
[SourceTitle "CBM 063"]
[Source "ChessBase"]
[SourceDate "1998.03.26"]
[SourceVersion "1"]
[SourceVersionDate "1998.03.26"]
[SourceQuality "1"]

1. e4 g6 2. d4 Bg7 3. Nf3 d6 4. c3 Nf6 5. Bd3 O-O 6. O-O Nc6 (6... Nbd7) 7. Re1
e5 8. h3 (8. dxe5 Nxe5 9. Nxe5 dxe5 $10) 8... h6 $5 (8... Re8 9. d5 Ne7 10. c4)
9. Be3 (9. d5 Ne7 10. c4 Nh7 11. Nc3 f5) 9... d5 10. Nxe5 Nxe5 11. dxe5 Nxe4
$10 12. Nd2 Bf5 (12... Nxd2 13. Qxd2 Kh7 14. Rad1 c6 15. f4 $36) 13. Qc2 (13.
Nxe4 dxe4 14. Bc2 h5 15. Bd4 Qd5 16. g4 hxg4 17. hxg4 Be6 18. Bxe4 Qd7 19. Bc5)
13... Nxd2 14. Bxd2 (14. Bxf5 Nc4) 14... Bxd3 15. Qxd3 Qe7 16. c4 (16. f4 $10)
16... dxc4 17. Qxc4 Rfe8 18. Bc3 Rad8 19. Re3 c6 20. e6 $1 (20. a4 Rd5 $15)
20... fxe6 21. Rae1 $146 Rd5 (21... Rd6 22. Bb4) (21... Bxc3 22. Rxe6) 22. Qg4
Qf7 (22... Bxc3 23. Qxg6+ Bg7 24. Rxe6) 23. Rxe6 Rxe6 24. Rxe6 Kh7 (24... Bxc3
25. bxc3 Kh7 26. Qe4 Rd7 27. c4 $14) 25. Qe2 Rd1+ 26. Kh2 Rd7 27. Bxg7 Qxg7 $14
28. g3 (28. h4 h5 29. g3 Qf7 30. Kg2 Qf5 31. Re7+ Kg8) 28... Rf7 29. h4 h5 30.
Kg1 $14 {30...Rf6 31.Re4 Rf7/\Qf6 Yudasin} 1/2-1/2

[Event "EU-Cup 13th final"]
[Site "Kazan"]
[Date "1997.12.28"]
[Round "1"]
[White "Gabdrakhmanov, Rafail"]
[Black "Svetushkin, Dmitry"]
[Result "0-1"]
[WhiteElo "2420"]
[BlackElo "2400"]
[Annotator "Yudasin,L"]
[PlyCount "80"]
[EventDate "1997.12.28"]
[EventType "team-k.o."]
[EventRounds "4"]
[EventCountry "RUS"]
[SourceTitle "EXT 2020"]
[Source "ChessBase"]
[SourceDate "2019.10.17"]
[SourceVersion "1"]
[SourceVersionDate "2019.10.17"]
[SourceQuality "1"]
[WhiteTeam "Kazan Sberbank-Tatarstan II"]
[BlackTeam "Chisinau Rezina-Gaz"]
[WhiteTeamCountry "RUS"]
[BlackTeamCountry "MDA"]

1. Nf3 g6 2. e4 Bg7 3. d4 d6 4. Be2 Nf6 5. Nbd2 (5. Nc3) 5... O-O 6. O-O Nbd7 (
6... Nc6 7. d5 Nb8 (7... Nb4 8. c3 Na6 9. Bxa6 bxa6 10. Qa4 Nd7 11. Nb3 $14) 8.
Re1 c6 $10) 7. c3 e5 (7... b6 $5 8. Re1 Bb7 9. Bf1 e6 10. a4 a6 11. b4 c5 $13)
8. Re1 Re8 9. Bf1 b6 (9... c6 10. dxe5 dxe5 11. Nc4) 10. d5 Bb7 11. c4 (11. Nc4
Nc5 12. Nfd2 c6 $36) 11... a5 12. Nb1 (12. b3 {/\Bb2,a3,b4}) 12... Nc5 13. Nc3
Bc8 $1 14. Bg5 $6 (14. b3 {/\Rb1,a3}) (14. Bd2) 14... h6 15. Bd2 Nh7 $1 16. Qc1
$6 Bg4 $1 (16... h5 17. Ng5 $10) 17. Bxh6 Bxf3 18. gxf3 Qh4 $146 19. Be3 (19.
Bxg7 Kxg7 {/\Rh8,Nf6-h5}) 19... Bf6 (19... f5 $5 20. exf5 gxf5 21. Qc2 $13) 20.
Qd2 (20. f4 exf4 21. Bxf4 Bxc3 22. bxc3 Nxe4 23. Bg3 Qf6) 20... Ng5 21. Bg2 Kg7
(21... Nh3+ 22. Bxh3 Qxh3 23. f4 exf4 24. Bxf4 Bxc3 $17) 22. Rad1 (22. Kf1 $5)
22... Rh8 23. Kf1 Rh5 (23... Rae8 24. Ke2 Qh5 25. Bxc5 bxc5 26. h4 Nh7 27. Nb5
$13) 24. f4 $2 (24. Ke2 $1 Qxh2 25. Rg1 Nh3 $15) 24... Nh3 25. Ne2 (25. fxe5
Bxe5 26. f3 Bxh2) 25... Re8 26. fxe5 (26. f3 exf4 27. Nxf4 Nxf4 28. Bxf4 Be5
$146) 26... Rhxe5 27. f3 (27. f4 Rxe4 $1 $40) 27... Bg5 28. Qd4 (28. f4 Rxe4
29. Bxe4 Nxe4 $40) 28... Bxe3 29. Qxe3 Nxe4 $3 $19 30. fxe4 Rf5+ $1 31. Bf3
Rxe4 32. Qc3+ Kh7 33. Ng3 Rxf3+ (33... Rxc4 34. Qd3 Rxf3+ 35. Qxf3 Rf4 $19 {
was more decisive}) 34. Qxf3 Rf4 35. Qxf4 Qxf4+ 36. Kg2 Ng5 (36... Qg4 $19) 37.
Rf1 Qxc4 38. h4 $2 Qc2+ 39. Kh1 Nf3 40. Rxf3 Qxd1+ 0-1

[Event "RUS-Cup02"]
[Site "Moscow"]
[Date "1998.??.??"]
[Round "8"]
[White "Fedorov, Alexei"]
[Black "Rashkovsky, Nukhim N"]
[Result "1/2-1/2"]
[WhiteElo "2595"]
[BlackElo "2505"]
[Annotator "Yudasin,L"]
[PlyCount "61"]
[EventDate "1998.01.21"]
[EventType "swiss"]
[EventRounds "9"]
[EventCountry "RUS"]
[SourceTitle "CBM 063"]
[Source "ChessBase"]
[SourceDate "1998.03.26"]
[SourceVersion "1"]
[SourceVersionDate "1998.03.26"]
[SourceQuality "1"]

1. e4 g6 2. d4 Bg7 3. c3 d6 4. Nf3 Nf6 5. Bd3 O-O 6. O-O Nc6 $5 7. d5 Nb8 (7...
Ne5 8. Nxe5 dxe5 9. f4 (9. c4 e6 10. Nc3 $14) 9... exf4 10. Bxf4 c6 $13) 8. c4
e5 (8... c6 9. Nc3 Bg4 10. h3 Bxf3 11. Qxf3 Nbd7 12. Be2 $13) 9. Nc3 h6 $5 (
9... Nbd7 10. Rb1 Nh5 11. Re1 Nf4 12. Bf1 f5 13. exf5) 10. Rb1 Nh5 11. Re1 Nf4
12. Bf1 g5 $1 $132 13. b4 (13. g3 $2 Nh3+ 14. Kg2 f5 15. exf5 Bxf5 16. Ne4 Nd7
$36) 13... f5 14. Nd2 fxe4 15. Ndxe4 Bf5 16. c5 Nd7 $1 17. g3 $1 (17. Rb3 Nf6
18. Bc4 Kh8 19. Bb2 Qe7 $13) 17... Ng6 (17... Nh3+ 18. Bxh3 Bxh3 19. cxd6) 18.
Ba3 $1 Nf6 19. Rc1 (19. cxd6 cxd6 20. b5 Ne8 $13) 19... Nxe4 20. Nxe4 Ne7 21.
Bg2 (21. cxd6 cxd6 22. b5 Bxe4 23. Rxe4 Nf5 $13) 21... Bg6 22. Bb2 (22. b5 Bxe4
(22... Nf5 23. g4 $2 Nh4 24. cxd6 cxd6 25. Nxd6 Nxg2 26. Kxg2 Rf4 $146) 23.
Bxe4 Nf5 $14) 22... Nf5 23. a4 Nd4 24. a5 Kh8 25. Rc3 Qd7 {/\Rf7,Raf8,/\Rad8}
26. h3 Rf7 27. Rce3 Raf8 28. Rf1 (28. Qd2 Nf3+) (28. Bxd4 exd4 29. R3e2 Bxe4
30. Bxe4 Qxh3) 28... a6 29. Bc3 Nf5 30. Rf3 (30. Re2 Nd4 $10) 30... Bh5 31. g4
{31...Nh4 32.Rf7(32.Re3 Bg6/\Rf4)Bf7 33.Bh1~~ Yudasin} 1/2-1/2

[Event "RUS-Cup02"]
[Site "Moscow"]
[Date "1998.??.??"]
[Round "3"]
[White "Rustemov, Alexander"]
[Black "Zhelnin, Vladimir V"]
[Result "1/2-1/2"]
[WhiteElo "2575"]
[BlackElo "2490"]
[Annotator "Yudasin,L"]
[PlyCount "33"]
[EventDate "1998.01.21"]
[EventType "swiss"]
[EventRounds "9"]
[EventCountry "RUS"]
[SourceTitle "CBM 063"]
[Source "ChessBase"]
[SourceDate "1998.03.26"]
[SourceVersion "1"]
[SourceVersionDate "1998.03.26"]
[SourceQuality "1"]

1. d4 d6 2. e4 Nf6 3. f3 e5 (3... c5 4. dxc5 Qa5+ $5) 4. d5 (4. dxe5 dxe5 5.
Qxd8+ Kxd8 6. Bc4 Ke8 7. Be3 Nbd7 8. Nc3 c6 9. Nge2 Bc5 10. Kf2 Ke7 $10) 4...
Nh5 $5 5. Be3 Be7 6. c4 (6. Qd2 O-O 7. Ne2 g6 $13 {/\f5,Ng7}) 6... O-O (6...
Bg5 7. Bf2 O-O 8. h4 Be7 9. g4 Nf4 10. Ne2 $36 {/\Nbc3,Qd2,000,g5,h5}) 7. Qd2
Nd7 (7... g6 $5) 8. Nc3 g6 9. O-O-O Ng7 10. g4 (10. h4 $2 f5 11. exf5 (11. g3
Nf6) 11... Nxf5 12. Bf2 Nxh4 $17) 10... f5 $1 11. exf5 (11. gxf5 gxf5 12. Nge2
f4 13. Bf2 Bh4 $15) 11... gxf5 12. Nge2 (12. h4 Nf6 (12... Nc5 13. g5 Nh5 14.
Nge2 Bd7 $13) (12... Nb6 $5) 13. g5 Nfh5 14. Nge2 $14) 12... Nb6 13. b3 fxg4
14. fxg4 Bxg4 15. Rg1 Qd7 16. Ne4 (16. Bh6 Rf7 17. Ne4 Kh8 18. Ng5 Bxg5 19.
Qxg5 (19. Bxg5 Bh5 $13) 19... Nf5 20. Rxg4 Nxh6 21. Rg3 Nf5 22. Bh3 Nxg3 $1 23.
Bxd7 Nxe2+ 24. Kd2 Nd4 25. Bg4 Rg8 $40) 16... Kh8 17. Bh6 {17...Rf7-16.Bh6~~
Yudasin} 1/2-1/2

[Event "Hoogovens-B"]
[Site "Wijk aan Zee"]
[Date "1998.01.24"]
[Round "5"]
[White "Van den Doel, Erik"]
[Black "Kobalia, Mihail"]
[Result "1-0"]
[WhiteElo "2485"]
[BlackElo "2500"]
[Annotator "Yudasin,L"]
[PlyCount "193"]
[EventDate "1998.01.20"]
[EventType "tourn"]
[EventRounds "11"]
[EventCountry "NED"]
[EventCategory "10"]
[SourceTitle "CBM 063"]
[Source "ChessBase"]
[SourceDate "1998.03.26"]
[SourceVersion "1"]
[SourceVersionDate "1998.03.26"]
[SourceQuality "1"]

1. e4 g6 2. d4 Bg7 3. Nf3 c6 4. h3 d6 (4... d5 5. Nc3) 5. Bd3 Nd7 6. O-O Ngf6 (
6... e5 7. dxe5 dxe5 8. b3 {/\Ba3}) 7. a4 O-O 8. c3 $6 (8. Nc3 e5 9. Re1 Re8
10. Be3 $14) 8... e5 9. dxe5 dxe5 (9... Nxe5 $10) 10. Be3 Nh5 11. a5 Qe7 12. b4
Nf4 $6 (12... f5 13. exf5 (13. Qc2 f4 14. Bc1 g5 (14... Bf6 15. Ba3 Kh8 16.
Nbd2 g5 17. Be2 Qe8 $13) 15. Be2 $1) 13... gxf5 14. Re1 Kh8 $13) 13. Bc4 Rd8
14. Qc1 $1 Qf6 15. g3 $1 Nxh3+ $5 (15... Ne6 16. Kg2 $36 {/\h4,Nbd2}) 16. Kg2
h6 $1 (16... Nf8 17. Ng5 Nxg5 18. Bxg5 $16) 17. Bxh6 (17. Rh1 g5) 17... Nf8 (
17... Nf4+ 18. Bxf4 exf4 19. Qxf4 Qxf4 20. gxf4 Nf6 21. Ng5 $16) 18. Rh1 Nh7 (
18... Bxh6 19. Qxh6 Bg4 20. Be2 (20. Qe3 Bxf3+ 21. Qxf3 Qxf3+ 22. Kxf3 Ng5+ 23.
Ke3 $14) 20... Bxf3+ 21. Bxf3 Ng5 $17) 19. Be3 $1 (19. Bxg7 Kxg7 20. Nbd2 N3g5
$15) 19... g5 $6 (19... Bg4 20. Be2 Qe6 (20... N7g5 21. Nxg5 Bxe2 22. Rxh3) (
20... N3g5 21. Nxg5 Bxe2 22. Rxh7 Rd1 23. Qc2) 21. Nbd2 {/\Nf1-h2} Bf6 $14) 20.
Ra2 g4 21. Nh4 N7g5 (21... N3g5 22. Nd2 {/\Qc2,Be2,NfR}) 22. Nd2 Bh6 $6 (22...
Bd7) 23. Qf1 $6 (23. Qc2 {/\Be2,Nf5}) 23... Nh7 24. Bxh6 Qxh6 25. Qe2 $16 Nf6
$2 (25... a6 26. Nf5 Qg5 $14) 26. Nf5 $1 Qg5 (26... Bxf5 27. exf5 Kg7 28. Ne4
$16) 27. Ne7+ Kg7 28. a6 $1 (28. Nxc8 Raxc8 29. Nf1 Rh8 30. Ne3 Nf4+ 31. gxf4
exf4 32. Nf5+ Qxf5 33. exf5 f3+ 34. Kg1 fxe2 35. Rxe2 Rxh1+ 36. Kxh1 Rc7 $15)
28... Nh5 (28... Nxe4 29. Nxc8 Nxd2 30. axb7 Rb8 31. Rd1 (31. Ba6 Nf3 32. Qe3
$16) 31... Nf3 32. Rxd8 Qxd8 $13) (28... b5 29. Nxc6 Nh5 30. Qe3 Qxe3 31. fxe3
Rxd2+ 32. Rxd2 bxc4 33. Rd8 Nf6 34. Rf1 Ng5 35. Ne7 Bb7 36. axb7 Rxd8 37. Nc6
$18) 29. axb7 Bxb7 (29... N5f4+ 30. gxf4 Nxf4+ 31. Kf1 Bxb7 32. Nf5+) 30. Nf5+
Kf6 31. Kf1 $16 (31. Qe3 $16) 31... Bc8 32. Ne3 Kg7 33. Ra5 $16 Rd6 $6 (33...
Nf6) 34. Ke1 Rf6 $2 (34... Nf6 $14) 35. Rf1 (35. Rh2 Ng1 36. Qf1 Nf3+ 37. Nxf3
Rxf3 {/\Ng3,Re3} 38. Rh1) 35... Bd7 36. Bb3 {/\Bd1} Rd8 $2 (36... Rg6 37. Ndc4)
37. Rxa7 Bc8 38. Ra8 $1 {/\Nf5} Nxf2 $2 (38... Rf8 39. Bd1 Rg6 40. Ndc4) 39.
Rxf2 Nxg3 40. Rxf6 Nxe2 41. Rxf7+ Kg6 42. Kxe2 $18 Qh5 $1 (42... g3 43. Nf3 Qh5
44. Raa7) 43. Rxc8 (43. Ndf1 g3+ 44. Ke1 Qh4 45. Ng2 Qxe4+ 46. Nfe3 Qb1+) 43...
Rxc8 (43... Qh2+ 44. Rf2 Rxd2+ 45. Kxd2 Qxf2+ 46. Kd3 g3 47. Rg8+ Kh7 48. Rg4
$18) 44. Rf5 Qh2+ 45. Rf2 g3 (45... Qh4 46. Be6 Rd8 47. Nxg4) 46. Rg2 Rf8 47.
Nf3 Qh3 48. Nxe5+ Kg5 49. Nf3+ (49. Nd3 {/\e5}) 49... Kf4 50. Rg1 Qh5 (50...
Kxe4 $4 51. Ng5+) 51. Rf1 (51. Ng2+ Kxe4 52. Bc2+ Kd5 53. Ne3+ Kd6 54. Rxg3 $18
) 51... Kxe4 52. Bc2+ Kf4 53. Bg6 Qh8 54. Nd4+ Kg5 (54... Ke5 55. Ng4+ Kd5 56.
Bf7+ Ke4 (56... Rxf7 57. Rxf7 Kc4 58. Kd2 Kd5 59. Kd3 $18) 57. Ne6 Rxf7 58.
Ng5+ Kd5 59. Ne3+ Kd6 60. Nxf7+) 55. Ne6+ Kxg6 56. Nxf8+ Kg7 57. Ne6+ Kg6 58.
Nf4+ Kg5 59. Rf3 $2 (59. Kd2 $18 {/\Nfd2}) 59... g2 $2 (59... Qxc3 60. Ne6+ Kh5
61. Ng7+ Kg6 62. Rxg3+ Kf7) 60. Nfxg2 Qh5 61. Nf1 Kh6 62. Ng3 Qb5+ 63. Rd3 c5
64. bxc5 Qxc5 65. Ne3 Kg6 66. c4 Kf7 67. Rd5 Qb4 68. Ne4 Qb2+ 69. Rd2 Qe5 70.
Kd3 Ke7 71. c5 Kd7 72. Kc4+ Kc6 73. Rd6+ Kb7 74. Kd3 Kc8 75. Nc4 Qa1 76. Nb6+
Kc7 77. Nd5+ Kc8 78. Nec3 Qf1+ 79. Kd4 Qf8 80. Kc4 Kb8 81. Kb5 Qf2 82. Kc6 Qh4
83. Nb5 Qh8 84. Kb6 Qc8 85. c6 Qb7+ 86. Kc5 Qc8 87. Rd7 Qf8+ 88. Kd4 Qf2+ 89.
Ke5 Qe2+ 90. Kd6 Qh2+ 91. Kc5 Qc2+ 92. Nbc3 Qf2+ 93. Kc4 Qh4+ 94. Kb5 Qg5 95.
Rb7+ Kc8 96. Ka6 Qg3 97. Nb5 {Yudasin} 1-0

[Event "Hoogovens"]
[Site "Wijk aan Zee"]
[Date "1998.01.22"]
[Round "6"]
[White "Kramnik, Vladimir"]
[Black "Timman, Jan H"]
[Result "1/2-1/2"]
[WhiteElo "2790"]
[BlackElo "2635"]
[Annotator "Yudasin,L"]
[PlyCount "59"]
[EventDate "1998.01.16"]
[EventType "tourn"]
[EventRounds "13"]
[EventCountry "NED"]
[EventCategory "17"]
[SourceTitle "CBM 063"]
[Source "ChessBase"]
[SourceDate "1998.03.26"]
[SourceVersion "1"]
[SourceVersionDate "1998.03.26"]
[SourceQuality "1"]

1. Nf3 g6 2. e4 d6 3. d4 Nf6 4. Bd3 Bg7 5. O-O O-O 6. c3 Nc6 (6... Nbd7) 7. Re1
(7. h3 e5 8. Re1) 7... e5 8. h3 Bd7 $5 (8... Re8 9. Na3 (9. d5)) 9. Nbd2 (9.
Na3 $5 Nh5 10. Nc2) 9... Nh5 10. Nb3 (10. d5 Ne7 {/\Nf4,f5}) (10. dxe5 Nf4 (
10... Nxe5 $10) 11. Bf1 dxe5 12. Nc4 Ne6 13. Ne3 $14) 10... a5 11. a4 Re8 $10
12. Bg5 Qc8 13. Qd2 exd4 14. Nbxd4 (14. cxd4 Nb4 15. Bf1 (15. Bb1 f5 $5 (15...
Nf6 $132 {/\Bc6})) 15... Nf6 $132) (14. Nfxd4 $5) 14... Ne5 (14... Nf6 $10) 15.
Nxe5 (15. Bf1 Nxf3+ 16. Nxf3 Nf6 17. Bd3 Bc6 18. Qf4 Nh5 19. Qh4 h6 20. Bd2 Qd8
) 15... dxe5 16. Nb5 $1 $36 Be6 17. Bf1 Nf6 18. Qc2 (18. Rad1 Bb3 19. Ra1 Rd8
20. Qe3 c6) 18... Nd7 {/\Bf8,c6,/\Nc5} 19. Na3 $1 Bf8 (19... Nc5 20. Bc4 $14 (
20. Nc4 f6 21. Be3 Bf8 22. b4 $36)) 20. Nc4 Bc5 $5 {/\f6,Nb6} (20... f6 21. Be3
Bc5 22. Bxc5 Nxc5 23. b4 Bxc4 24. Bxc4+ Ne6 $10) 21. Nxa5 (21. Reb1 f6 22. Bd2
Kg7 (22... b6 23. b4 Be7 $14) 23. b4 axb4 24. cxb4 Bd4 25. Bc3 Bxc3 26. Qxc3
Nb6 $2 27. Nxb6 (27. Na5 $14) 27... cxb6 28. Qe3 $16) 21... f6 22. Bc1 (22. Bh6
Rxa5 23. b4 Ra8 24. bxc5 Nxc5) 22... Rxa5 23. b4 Ra8 24. bxc5 Nxc5 25. Be3 Nb3
26. Rab1 Na5 $10 27. c4 $1 Qd7 $1 {/\Qf7} 28. c5 (28. Rb5 Qf7 29. Rc1 Bd7)
28... Qf7 29. Qc3 $6 (29. Rb5 $1 Bd7 (29... Reb8 $14) 30. c6 Bxc6 (30... bxc6
31. Rc5 Kg7 (31... Reb8 $1 32. Bd2 (32. Qc3 Qb3 $4 (32... Nb7 33. Bc4 Be6 34.
Bxe6 Qxe6 35. Rxc6 Nd6 $14) 33. Qd2) 32... Nb3 (32... Qb3 $1 $10) 33. Bc4 Be6
34. Bxe6 Qxe6 35. Rxc6 Qd7 36. Be3 $16) 32. Rb1 Be6 33. Qc3 Nb3 34. Rxc6 Re7
35. Qb4 $16) 31. Rxa5 Rxa5 32. Bc4 Re6 33. Qb3 Bxa4 (33... Bd7 34. Qxb7 $16)
34. Qxb7 Bc6 35. Qb8+ Be8 36. Rd1 $40) 29... Bc4 $1 30. c6 {30...b6= Yudasin}
1/2-1/2